000 00711nam a2200217Ia 4500
003 OSt
005 20220923221847.0
006 a|||||r|||| 00| 0
007 ta
008 220922b |||||||| |||| 00| 0 hin d
024 _a200,566
037 _cTextual
040 _aARTS
_cARTS
_bhin
041 _2hin
_ahin
082 _aV2:25xM69:15, 152G2
100 _aगांधी, मोहनदास करमचन्द
_9159938
245 0 _aअनासक्तियोग और गीताबोध
246 _aAnāsaktiyog aur gītābodha
942 _hV2:25xM69:15, 152G2
_cTEXL
_2CC
999 _c352238
_d352238